[Event "Kowalewo Pomorskie op-B 16th"]
[Site "Kowalewo Pomorskie"]
[Date "2009.07.09"]
[Round "7"]
[White "Karpinski, Andrzej"]
[Black "Oszmian, Natalia"]
[Result "1-0"]
[WhiteElo "1862"]
[BlackElo "1761"]
[PlyCount "107"]
[EventDate "2009.07.04"]
[EventType "swiss"]
[EventRounds "9"]
[EventCountry "POL"]
[SourceTitle "EXT 2011"]
[Source "ChessBase"]
[SourceDate "2010.11.26"]
[SourceVersion "1"]
[SourceVersionDate "2010.11.26"]
[SourceQuality "1"]

1. e4 e5 2. Nf3 Nc6 3. d4 exd4 4. Nxd4 Bc5 5. Be3 Bb6 6. c3 Nf6 7. Nd2 d5 8. Nxc6 bxc6 9. Bxb6 cxb6 10. Bd3 0-0 11. 0-0 Qc7 12. h3 dxe4 13. Nxe4 Nxe4 14. Bxe4 Bb7 15. Qf3 Rab8 16. Rad1 c5 17. Bxb7 Qxb7 18. Qxb7 Rxb7 19. Rd6 Re7 20. Rfd1 Rfe8 21. Kf1 Kf8 22. Rd8 Rxd8 23. Rxd8+ Re8 24. Rxe8+ Kxe8 25. Ke2 Kd7 26. Kd3 Kc6 27. Ke4 Kd6 28. c4 a6 29. a4 Kc6 30. f4 b5 31. b3 bxa4 32. bxa4 Kd6 33. Kf5 f6 34. h4 Ke7 35. h5 Kf7 36. Ke4 Ke6 37. g4 h6 38. a5 Kd6 39. Kf5 Ke7 40. Kg6 Kf8 41. g5 fxg5 42. fxg5 hxg5 43. Kxg5 Kg8 44. Kg6 Kf8 45. Kf5 Kg8 46. Ke5 Kh7 47. Kd5 Kh6 48. Kxc5 Kxh5 49. Kd6 g5 50. c5 g4 51. c6 g3 52. c7 g2 53. c8Q g1Q 54. Qh8+ 1-0

[Event "Kowalewo Pomorskie op-B 16th"]
[Site "Kowalewo Pomorskie"]
[Date "2009.07.08"]
[Round "6"]
[White "Chmura, Krystian"]
[Black "Karpinski, Andrzej"]
[Result "0-1"]
[WhiteElo "1604"]
[BlackElo "1862"]
[PlyCount "55"]
[EventDate "2009.07.04"]
[EventType "swiss"]
[EventRounds "9"]
[EventCountry "POL"]
[SourceTitle "EXT 2011"]
[Source "ChessBase"]
[SourceDate "2010.11.26"]
[SourceVersion "1"]
[SourceVersionDate "2010.11.26"]
[SourceQuality "1"]

1. e4 Nf6 2. e5 Nd5 3. d4 d6 4. Nf3 g6 5. Bc4 Nb6 6. Bxf7+ Kxf7 7. e6+ Kxe6 8. Ng5+ Kd7 9. Nf7 Qe8 10. Nxh8 Bg7 11. Nxg6 Qxg6 12. 0-0 c6 13. c3 Kc7 14. Bf4 Bf5 15. Re1 Bf6 16. Nd2 N8d7 17. Nf1 Rg8 18. Bg3 h5 19. Qf3 h4 20. Bf4 e5 21. dxe5 Nxe5 22. Bxe5 Bxe5 23. Ne3 Be4 24. Qh3 Nd5 25. Nxd5+ Bxd5 26. f3 Be6 27. g4 hxg3 28. hxg3 0-1

[Event "Kowalewo Pomorskie op-B 16th"]
[Site "Kowalewo Pomorskie"]
[Date "2009.07.07"]
[Round "4"]
[White "Witbrodt, Jakub"]
[Black "Karpinski, Andrzej"]
[Result "1/2-1/2"]
[WhiteElo "1668"]
[BlackElo "1862"]
[PlyCount "61"]
[EventDate "2009.07.04"]
[EventType "swiss"]
[EventRounds "9"]
[EventCountry "POL"]
[SourceTitle "EXT 2011"]
[Source "ChessBase"]
[SourceDate "2010.11.26"]
[SourceVersion "1"]
[SourceVersionDate "2010.11.26"]
[SourceQuality "1"]

1. e4 d6 2. Nc3 g6 3. Bc4 Bg7 4. d3 c5 5. f4 e6 6. Nf3 Ne7 7. 0-0 0-0 8. Qe1 Nbc6 9. Qh4 Nd4 10. Nxd4 Bxd4+ 11. Kh1 Nc6 12. Qh3 f5 13. exf5 gxf5 14. Rf3 Kh8 15. Be3 d5 16. Bb3 Qf6 17. Bxd4 Nxd4 18. Rf2 Bd7 19. Re1 Bc6 20. Re5 Rg8 21. Ne2 Nxb3 22. axb3 b6 23. Qe3 d4 24. Qd2 Qh4 25. Ng1 Rg6 26. Nf3 Bxf3 27. Rxf3 Rag8 28. Re2 h6 29. Kg1 Kh7 30. g3 Qd8 31. Re5 1/2-1/2